|
|
|
|
| LEADER |
00000nab a2200000 a 4500 |
| 001 |
vtls000079562 |
| 003 |
SK-MaSNL |
| 005 |
20260304070351.0 |
| 008 |
250423c1980 xo 0 slo |
| 015 |
|
|
|a SNBRB19rr/mm-uuuuu
|
| 035 |
|
|
|a CL0089663
|
| 035 |
|
|
|a (urnnbn)urn:nbn:sk:snk:ar-004s4l
|
| 035 |
|
|
|a (uuid)5ee9f642-b7b6-44cc-9403-5cef341409be
|
| 035 |
|
|
|a urn:nbn:sk:snk-ab7wzc
|
| 040 |
|
|
|a SNKBUCL
|b slo
|c SNKBUCL
|e AACR2
|
| 041 |
0 |
|
|a slo
|
| 044 |
|
|
|a xo
|c SK
|
| 080 |
|
|
|a 943.7
|2 1981
|
| 080 |
|
|
|a 940
|2 1981
|
| 080 |
|
|
|a 929 Karol IV.
|2 1981
|
| 100 |
1 |
|
|a Marsina, Richard,
|d 1923-2021
|4 aut
|9 207406
|
| 245 |
1 |
0 |
|a Speváček, J.: Karel IV. Život a dílo (1316-1378)
|c R. Marsina ; Jiří Speváček
|
| 600 |
0 |
7 |
|a Karol
|b IV.,
|c český kráľ a rímsky cisár,
|d 1316-1378
|2 snkbucl
|9 194618
|
| 655 |
|
7 |
|a články z novín a časopisov
|2 snkbucl
|9 267496
|
| 700 |
1 |
|
|a Spěváček, J.
|4 aut
|9 1356309
|
| 773 |
0 |
|
|t Historický časopis
|g Roč. 28, č. 4 (1980), s. 578-580
|
| 787 |
0 |
8 |
|i Rec.:
|a Spěváček, J.
|t Karel IV. Život a dílo (1316-1378)
|d Praha : Svoboda, 1979
|
| 850 |
|
|
|a Slovenská národná knižnica
|
| 852 |
|
|
|a Slovenská národná knižnica
|
| 954 |
|
|
|a odborná, vedecká literatúra pôvodná (slovenská)
|2 lita
|
| 958 |
|
|
|a article9
|
| 958 |
|
|
|a OND
|
| 958 |
|
|
|a RK
|
| 958 |
|
|
|a CZ
|
| 958 |
|
|
|a SK
|
| 958 |
|
|
|a EUIPO
|
| 992 |
|
|
|a RBX
|
| 999 |
|
|
|c 2755446
|d 2757376
|